Taylor Swift Songs With One Word In Title - Statistics

General Stats
  • This quiz has been taken 76 times
    46 since last reset
  • The average score is 53 of 69
Answer Stats
Album Song % Correct
Red Red
100%
Fearless Fearless
96%
Lover Lover
92%
1989 Style
92%
evermore willow
92%
folklore cardigan
88%
Reputation Delicate
88%
Reputation Dress
88%
evermore evermore
88%
Midnights Karma
88%
Lover ME!
88%
TLOAS Opalite
88%
folklore august
83%
1989 Clean
83%
Speak Now Enchanted
83%
folklore epiphany
83%
Speak Now Haunted
83%
Midnights Maroon
83%
folklore seven
83%
1989 (TV) Slut!
83%
Midnights Bejeweled
79%
folklore betty
79%
Lover Daylight
79%
TTPD Fortnight
79%
evermore ivy
79%
Midnights Mastermind
79%
Speak Now Mean
79%
Speak Now Mine
79%
folklore mirrorball
79%
folklore peace
79%
Red (TV) Ronan
79%
Midnights Anti-hero
75%
TLOAS CANCELLED!
75%
Fearless Fifteen
75%
folklore hoax
75%
evermore marjorie
75%
TTPD Peter
75%
Red Starlight
75%
Speak Now (TV) Timeless
75%
Red Treacherous
75%
Red 22
71%
Lover Afterglow
71%
Fearless Breathe
71%
evermore dorothea
71%
folklore exile
71%
Midnights Glitch
71%
evermore happiness
71%
Speak Now Innocent
71%
Taylor Swift Invisible
71%
Midnights Labyrinth
71%
Midnights Paris
71%
TTPD Robin
71%
Speak Now Superman
71%
1989 Wonderland
71%
TLOAS Wood
71%
TTPD Cassandra
67%
evermore closure
67%
Reputation Gorgeous
67%
TLOAS Honey
67%
Speak Now Ours
67%
Midnights Question...?
67%
Red (TV) Run
67%
Fearless Superstar
67%
Red (TV) Babe
63%
Fearless Change
63%
TTPD Florida!!!
63%
TTPD imgonnagetyouback
58%
Fearless Untouchable
58%
TTPD loml
54%
No matching quizzes found
Score Distribution
Percent of People with Each Score
Percentile by Number Answered
Your Score History
You have not taken this quiz since the last reset